[Event "Aragon-chT Honor Gr II"]
[Site "Aragon"]
[Date "2023.02.25"]
[Round "5.10"]
[White "Vallverdu Miret, Oscar"]
[Black "Miranda Herrera, Jorge Manuel"]
[Result "1/2-1/2"]
[WhiteElo "2086"]
[BlackElo "2115"]
[PlyCount "45"]
[EventDate "2023.01.28"]
[EventType "team-tourn"]
[EventRounds "7"]
[EventCountry "ESP"]
[SourceTitle "EXT 2024"]
[Source "ChessBase"]
[SourceDate "2023.10.10"]
[SourceVersion "1"]
[SourceVersionDate "2023.10.10"]
[SourceQuality "1"]
[WhiteTeam "Fraga"]
[BlackTeam "Marcos Frechin"]
[WhiteTeamCountry "ESP"]
[BlackTeamCountry "ESP"]

1. d4 d6 2. c4 e5 3. dxe5 dxe5 4. Qxd8+ Kxd8 5. Nc3 c6 6. f4 Be6 7. e4 exf4 8. Bxf4 Ne7 9. Nf3 Ng6 10. 0-0-0+ Nd7 11. Bg3 Bc5 12. Nd4 Bg4 13. Be2 Bxe2 14. Ncxe2 Re8 15. Nc3 Nge5 16. Nf5 g6 17. Bxe5 Rxe5 18. Nd6 Kc7 19. Nxf7 Re7 20. e5 Nxe5 21. Nxe5 Rxe5 22. Rhf1 Re7 23. Kc2 1/2-1/2

[Event "Aragon-chT Preferente Gr-I"]
[Site "Aragon"]
[Date "2020.02.15"]
[Round "4.48"]
[White "Hinojar Basa, Alfonso"]
[Black "Vallverdu Miret, Oscar"]
[Result "1/2-1/2"]
[WhiteElo "2170"]
[BlackElo "2098"]
[PlyCount "37"]
[EventDate "2020.01.25"]
[EventType "team-tourn"]
[EventRounds "9"]
[EventCountry "ESP"]
[SourceTitle "EXT 2022"]
[Source "ChessBase"]
[SourceDate "2021.10.06"]
[SourceVersion "1"]
[SourceVersionDate "2021.10.06"]
[SourceQuality "1"]
[WhiteTeam "Marcos Frechin"]
[BlackTeam "Fraga"]
[WhiteTeamCountry "ESP"]
[BlackTeamCountry "ESP"]

1. e4 c6 2. d4 d5 3. e5 c5 4. dxc5 e6 5. a3 Bxc5 6. b4 Bf8 7. Nf3 Ne7 8. Bd3 Ng6 9. 0-0 Be7 10. Re1 Nd7 11. Bb2 Nb6 12. g3 0-0 13. h4 f5 14. Bc1 Bd7 15. Bg5 Rc8 16. Kg2 Nc4 17. Bxe7 Qxe7 18. h5 Nh8 19. Nd4 1/2-1/2

[Event "Aragon-chT Preferente Gr-II"]
[Site "Aragon"]
[Date "2019.02.09"]
[Round "3.53"]
[White "Veras Sanz, Marino"]
[Black "Vallverdu Miret, Oscar"]
[Result "0-1"]
[WhiteElo "2084"]
[BlackElo "2089"]
[PlyCount "94"]
[EventDate "2019.01.26"]
[EventType "team-tourn"]
[EventRounds "9"]
[EventCountry "ESP"]
[SourceTitle "EXT 2020"]
[Source "ChessBase"]
[SourceDate "2019.10.17"]
[SourceVersion "1"]
[SourceVersionDate "2019.10.17"]
[SourceQuality "1"]
[WhiteTeam "El Olivar II"]
[BlackTeam "Fraga"]
[WhiteTeamCountry "ESP"]
[BlackTeamCountry "ESP"]

1. Nf3 Nf6 2. g3 g6 3. Bg2 Bg7 4. 0-0 0-0 5. d4 d5 6. c4 c5 7. dxc5 dxc4 8. Qa4 Na6 9. c6 bxc6 10. Ne5 Nb8 11. Nxc6 Nxc6 12. Qxc6 Rb8 13. Qxc4 Qb6 14. Nc3 Be6 15. Qf4 Rfc8 16. Be3 Nh5 17. Bxb6 Nxf4 18. Bxa7 Rxb2 19. gxf4 Bxc3 20. e4 Rb7 21. Be3 Bxa1 22. Rxa1 Rb2 23. a4 Rcb8 24. Bf1 Rb1 25. Rxb1 Rxb1 26. Kg2 Ra1 27. Bb5 Bb3 28. Bc5 e6 29. h4 Bxa4 30. Bxa4 Rxa4 31. Kf3 f5 32. e5 Kf7 33. Kg3 Rc4 34. Be3 Ra4 35. Kh3 Kg7 36. Kg3 Kh6 37. Bc5 Kh5 38. Be3 Ra3 39. Kh3 h6 40. Kg3 Rb3 41. Kh3 g5 42. hxg5 hxg5 43. Kg3 g4 44. Kg2 Kh4 45. Bc5 g3 46. f3 Rb2+ 47. Kh1 Kh3 0-1

[Event "Aragon-chT Preferente Gr I "]
[Site "Aragon"]
[Date "2018.03.03"]
[Round "6.45"]
[White "Vallverdu Miret, Oscar"]
[Black "Cid Royo, Jonathan"]
[Result "1-0"]
[WhiteElo "2082"]
[BlackElo "2244"]
[PlyCount "71"]
[EventDate "2018.01.27"]
[EventType "team-tourn"]
[EventRounds "9"]
[EventCountry "ESP"]
[SourceTitle "EXT 2019"]
[Source "ChessBase"]
[SourceDate "2018.10.10"]
[SourceVersion "1"]
[SourceVersionDate "2018.10.10"]
[SourceQuality "1"]
[WhiteTeam "Fraga"]
[BlackTeam "La Aurora Estadilla"]
[WhiteTeamCountry "ESP"]
[BlackTeamCountry "ESP"]

1. d4 d5 2. Bf4 e6 3. e3 Bd6 4. Bg3 f5 5. Nf3 Nf6 6. c4 c6 7. Nc3 0-0 8. Bxd6 Qxd6 9. Ne5 Nbd7 10. f4 Ne4 11. Nxe4 fxe4 12. Qd2 a5 13. Be2 Nxe5 14. dxe5 Qe7 15. h4 b6 16. Rc1 Bb7 17. Bg4 Rad8 18. c5 bxc5 19. Qxa5 c4 20. a3 Ra8 21. Qc3 c5 22. 0-0 Ra6 23. g3 Rb6 24. Qd2 Ba6 25. Rf2 Rb3 26. Rc3 Qd7 27. Rxb3 cxb3 28. Qa5 Qc6 29. f5 exf5 30. Rxf5 Ra8 31. e6 Be2 32. Qxa8+ Qxa8 33. Bxe2 c4 34. e7 c3 35. Rxd5 c2 36. Rd8+ 1-0

[Event "Aragon-chT Preferente A"]
[Site "Aragon"]
[Date "2017.03.04"]
[Round "6.37"]
[White "Soler Lopez, Hugo"]
[Black "Vallverdu Miret, Oscar"]
[Result "1/2-1/2"]
[WhiteElo "2086"]
[BlackElo "2071"]
[PlyCount "113"]
[EventDate "2017.01.28"]
[EventType "team-tourn"]
[EventRounds "9"]
[EventCountry "ESP"]
[SourceTitle "EXT 2018"]
[Source "ChessBase"]
[SourceDate "2017.10.13"]
[SourceVersion "1"]
[SourceVersionDate "2017.10.13"]
[SourceQuality "1"]
[WhiteTeam "Agrupacion III"]
[BlackTeam "Fraga"]
[WhiteTeamCountry "ESP"]
[BlackTeamCountry "ESP"]

1. e4 b6 2. d4 Bb7 3. Bd3 e6 4. Nf3 Nf6 5. Qe2 d5 6. e5 Nfd7 7. Ng5 Be7 8. h4 Nf8 9. Qf3 Bxg5 10. hxg5 Ba6 11. Bxa6 Nxa6 12. Qa3 Nb8 13. Be3 Nc6 14. Qa4 Qd7 15. Nc3 Na5 16. 0-0-0 Qxa4 17. Nxa4 0-0-0 18. Rh3 Nc6 19. Nc3 Rd7 20. Rf3 a6 21. a3 Ng6 22. Rh1 Nf8 23. Ne2 Rg8 24. Rfh3 Ne7 25. f4 Nc6 26. g4 Ne7 27. f5 Nc6 28. b3 Nd8 29. c3 Kb7 30. Kc2 Kc8 31. Nc1 Nc6 32. Nd3 Kd8 33. a4 Kc8 34. Bc1 Ne7 35. Rf1 Kd8 36. Ba3 exf5 37. gxf5 g6 38. f6 Nf5 39. Kd2 Ne6 40. Rg1 Rh8 41. Ke2 Kc8 42. Rg4 h5 43. gxh6 Rxh6 44. Rxh6 Nxh6 45. Rh4 Nf5 46. Rh7 Ng5 47. Rh8+ Rd8 48. Rxd8+ Kxd8 49. Nf4 c6 50. e6 fxe6 51. Nxg6 Nf7 52. Ne5 Nxe5 53. dxe5 Ke8 54. a5 b5 55. Kd3 Ng3 56. Bc5 Kf7 57. Bd6 1/2-1/2

[Event "Catalunya-chT"]
[Site "Catalunya"]
[Date "2014.03.01"]
[Round "6.2"]
[White "Vallverdu Miret, Oscar"]
[Black "Colls Gelaberto, Emilio"]
[Result "0-1"]
[WhiteElo "2080"]
[BlackElo "2147"]
[PlyCount "100"]
[EventDate "2014.01.25"]
[EventType "team"]
[EventRounds "11"]
[EventCountry "ESP"]
[SourceTitle "EXT 2015"]
[Source "ChessBase"]
[SourceDate "2014.11.20"]
[SourceVersion "1"]
[SourceVersionDate "2014.11.20"]
[SourceQuality "1"]
[WhiteTeam "Lleida"]
[BlackTeam "Figueres"]
[WhiteTeamCountry "ESP"]
[BlackTeamCountry "ESP"]

1. d4 Nf6 2. Nf3 g6 3. g3 Bg7 4. Bg2 0-0 5. 0-0 c6 6. Nbd2 d5 7. Ne5 Bf5 8. c3 Nbd7 9. Ndf3 Re8 10. h3 Be4 11. Bf4 Nxe5 12. Nxe5 Bxg2 13. Kxg2 Nh5 14. Nd3 Nxf4+ 15. gxf4 f6 16. e3 e5 17. fxe5 fxe5 18. dxe5 Bxe5 19. Qg4 Bd6 20. Rae1 Re4 21. f4 Qe7 22. Rf3 Rf8 23. Qg5 Re8 24. Nf2 Rxf4 25. exf4 Qxg5+ 26. fxg5 Rxe1 27. Ng4 Be7 28. h4 Re2+ 29. Kf1 Re4 30. Nh6+ Kh8 31. Rf7 c5 32. Kf2 d4 33. Kf3 Re1 34. Kf2 Re6 35. Rf3 b5 36. Nf7+ Kg7 37. Nh6 a5 38. a3 dxc3 39. Rf7+ Kh8 40. bxc3 c4 41. Kf1 b4 42. axb4 axb4 43. Rf4 Rc6 44. Re4 Rc7 45. Ke2 bxc3 46. Kd1 Kg7 47. Kc2 Kf8 48. Kxc3 Bd6 49. Ng4 Bg3 50. Nf6 Bf2 0-1

[Event "Catalunya-chT"]
[Site "Catalunya"]
[Date "2012.04.21"]
[Round "11.9"]
[White "Vallverdu Miret, Oscar"]
[Black "Ibanez Tarradellas, Eduardo"]
[Result "1/2-1/2"]
[WhiteElo "2084"]
[BlackElo "2300"]
[PlyCount "60"]
[EventDate "2012.01.28"]
[EventType "team-tourn"]
[EventRounds "11"]
[EventCountry "ESP"]
[SourceTitle "EXT 2013"]
[Source "ChessBase"]
[SourceDate "2012.11.22"]
[SourceVersion "1"]
[SourceVersionDate "2012.11.22"]
[SourceQuality "1"]
[WhiteTeam "Lleida"]
[BlackTeam "Barcelona Uga"]
[WhiteTeamCountry "ESP"]
[BlackTeamCountry "ESP"]

1. e4 d5 2. exd5 Qxd5 3. Nc3 Qa5 4. Nf3 Nf6 5. d4 Ne4 6. Bd2 Nxd2 7. Nxd2 c6 8. Nc4 Qc7 9. Qf3 g6 10. Ne5 Be6 11. Bc4 Bxc4 12. Nxc4 Bg7 13. 0-0-0 0-0 14. h4 h6 15. Rhe1 Na6 16. Qe4 e6 17. Ne5 Nb4 18. g4 Nd5 19. Nxd5 cxd5 20. Qd3 Rfc8 21. f4 Bxe5 22. Rxe5 Qc4 23. Qxc4 Rxc4 24. f5 Re8 25. c3 f6 26. Rxe6 Rxe6 27. fxe6 Kf8 28. g5 hxg5 29. hxg5 Rc6 30. Re1 fxg5 1/2-1/2

[Event "Lleida Province-ch"]
[Site "Lleida"]
[Date "2011.11.27"]
[Round "8"]
[White "Pera Lucas, Eugeni"]
[Black "Vallverdu Miret, Oscar"]
[Result "0-1"]
[WhiteElo "1983"]
[BlackElo "2076"]
[PlyCount "42"]
[EventDate "2011.10.09"]
[EventType "swiss"]
[EventRounds "9"]
[EventCountry "ESP"]
[SourceTitle "EXT 2015"]
[Source "ChessBase"]
[SourceDate "2014.11.20"]
[SourceVersion "1"]
[SourceVersionDate "2014.11.20"]
[SourceQuality "1"]

1. e4 d5 2. exd5 Qxd5 3. Nc3 Qa5 4. d4 Nf6 5. Nf3 Bf5 6. Bd2 c6 7. Bc4 e6 8. Nd5 Qd8 9. Ne3 Bg6 10. Qe2 Be7 11. 0-0-0 b5 12. Bd3 Bxd3 13. Qxd3 a6 14. g4 Nd5 15. Nxd5 cxd5 16. h4 Nc6 17. Kb1 Qc7 18. Rde1 Bb4 19. c3 Be7 20. Ng5 h6 21. Rxe6 hxg5 0-1

[Event "Lleida Province-ch"]
[Site "Lleida"]
[Date "2011.11.01"]
[Round "5"]
[White "Vallverdu Miret, Oscar"]
[Black "Perez Cabas, Jose"]
[Result "1/2-1/2"]
[WhiteElo "2076"]
[BlackElo "1964"]
[PlyCount "59"]
[EventDate "2011.10.09"]
[EventType "swiss"]
[EventRounds "9"]
[EventCountry "ESP"]
[SourceTitle "EXT 2015"]
[Source "ChessBase"]
[SourceDate "2014.11.20"]
[SourceVersion "1"]
[SourceVersionDate "2014.11.20"]
[SourceQuality "1"]

1. e4 c5 2. Nf3 e6 3. d3 d5 4. Nbd2 Nc6 5. g3 Nf6 6. Bg2 Be7 7. 0-0 0-0 8. Re1 Nd7 9. Nf1 Bf6 10. Ne3 d4 11. Nc4 Be5 12. Nfxe5 Ncxe5 13. Nxe5 Nxe5 14. Qh5 Nc6 15. Qxc5 e5 16. c4 dxc3 17. Qxc3 Be6 18. Be3 Rc8 19. Qd2 Nd4 20. Bxd4 Qxd4 21. Bf1 Rc6 22. b3 f5 23. exf5 Rxf5 24. Qe3 Qb2 25. Bh3 Rf8 26. Bxe6+ Rxe6 27. Qe2 Qd4 28. Qe3 Qb2 29. Qe2 Qd4 30. Qe3 1/2-1/2

[Event "Balaguer op 15th"]
[Site "Balaguer"]
[Date "2010.07.19"]
[Round "1"]
[White "Quesada Perez, Yuniesky"]
[Black "Vallverdu Miret, Oscar"]
[Result "1-0"]
[WhiteElo "2603"]
[BlackElo "2075"]
[PlyCount "63"]
[EventDate "2010.07.19"]
[EventType "swiss"]
[EventRounds "9"]
[EventCountry "ESP"]
[SourceTitle "CBM 137 Extra"]
[Source "ChessBase"]
[SourceDate "2010.09.01"]
[SourceVersion "1"]
[SourceVersionDate "2010.09.01"]
[SourceQuality "1"]

1. e4 d6 2. d4 Nf6 3. Nc3 g6 4. Be3 Bg7 5. h3 c6 6. Nf3 0-0 7. Qd2 b5 8. Bd3 a6 9. Ne2 Qc7 10. Ng3 e5 11. c3 Re8 12. 0-0 Nbd7 13. Bh6 Nf8 14. a4 Rb8 15. Rfe1 Kh8 16. c4 Bxh6 17. Qxh6 Ng8 18. Qd2 bxa4 19. c5 dxc5 20. dxe5 Nd7 21. e6 Rxe6 22. Bc4 Re7 23. Qc3+ f6 24. Rad1 Kg7 25. e5 fxe5 26. Ne4 Ngf6 27. Nxf6 Nxf6 28. Nxe5 h6 29. f4 Be6 30. Kh1 Bxc4 31. Qxc4 Rxb2 32. Qd3 1-0

[Event "Balaguer op 12th"]
[Site "Balaguer"]
[Date "2007.07.20"]
[Round "5"]
[White "Kohlweyer, Bernd"]
[Black "Vallverdu Miret, Oscar"]
[Result "1/2-1/2"]
[WhiteElo "2405"]
[BlackElo "2076"]
[PlyCount "23"]
[EventDate "2007.07.16"]
[EventType "swiss"]
[EventRounds "10"]
[EventCountry "ESP"]
[SourceTitle "CBM 119 Extra"]
[Source "ChessBase"]
[SourceDate "2007.09.04"]
[SourceVersion "1"]
[SourceVersionDate "2007.09.04"]
[SourceQuality "1"]

1. c4 e5 2. Nc3 f5 3. d4 d6 4. g3 c6 5. Bg2 Nf6 6. Nh3 h6 7. 0-0 Be7 8. e3 0-0 9. b4 Be6 10. d5 cxd5 11. Nxd5 Nbd7 12. Bb2 1/2-1/2

[Event "Balaguer op 10th"]
[Site "Balaguer"]
[Date "2005.07.22"]
[Round "5"]
[White "Csiszar, Csaba"]
[Black "Vallverdu Miret, Oscar"]
[Result "1-0"]
[WhiteElo "2412"]
[BlackElo "2013"]
[PlyCount "80"]
[EventDate "2005.07.18"]
[EventType "swiss"]
[EventRounds "9"]
[EventCountry "ESP"]
[SourceTitle "CBM 107 Extra"]
[Source "ChessBase"]
[SourceDate "2005.09.01"]
[SourceVersion "1"]
[SourceVersionDate "2005.09.01"]
[SourceQuality "1"]

1. d4 d5 2. c4 e6 3. Nc3 Nf6 4. Bg5 Be7 5. e3 Nbd7 6. cxd5 exd5 7. Bd3 c6 8. Nge2 Nf8 9. Qc2 h6 10. Bh4 Ne6 11. f3 Qb6 12. Bf2 Bd7 13. 0-0 g5 14. Ng3 Ng7 15. e4 dxe4 16. Ngxe4 Nd5 17. Nxd5 cxd5 18. Nc5 Rc8 19. Qe2 Be6 20. Bb5+ Kf8 21. Rfe1 Rxc5 22. dxc5 Bxc5 23. Bxc5+ Qxc5+ 24. Kh1 Qd6 25. Rad1 Nf5 26. Bc4 Ne7 27. Bb3 Kg7 28. Qe3 b6 29. Qd4+ Kh7 30. Qf6 Rg8 31. Bc2+ Ng6 32. Bf5 Qf4 33. Re5 Bxf5 34. Rxf5 Qa4 35. Rfxd5 Rg7 36. a3 Qc2 37. R5d2 Qc5 38. Rd7 Qc2 39. Qc3 Qf2 40. Qd4 Qc2 1-0

[Event "Mollerussa op-B"]
[Site "Mollerusa"]
[Date "1997.??.??"]
[Round "2"]
[White "Bonillo Jimenez, Julio"]
[Black "Vallverdu Miret, Oscar"]
[Result "1-0"]
[WhiteElo "1950"]
[BlackElo "1845"]
[PlyCount "50"]
[EventDate "1997.??.??"]
[EventType "swiss"]
[EventRounds "8"]
[EventCountry "ESP"]
[SourceTitle "EXT 2003"]
[Source "ChessBase"]
[SourceDate "2002.11.25"]
[SourceVersion "1"]
[SourceVersionDate "2002.11.25"]
[SourceQuality "1"]

1. d4 d5 2. c4 dxc4 3. Nc3 Nf6 4. Bf4 e6 5. e4 Bb4 6. f3 Nc6 7. a3 Ba5 8. Be3 b5 9. Kf2 a6 10. a4 Bxc3 11. bxc3 Bb7 12. Qb1 Na7 13. Bxc4 Bc6 14. axb5 axb5 15. Bd3 Qb8 16. Ne2 0-0 17. e5 Nd7 18. Bxh7+ Kh8 19. Be4 Bxe4 20. Qxe4 Nb6 21. Qh4+ Kg8 22. Qg3 f5 23. Nf4 Re8 24. Ng6 Na4 25. Bg5 c6 1-0

[Event "Mollerussa op-B"]
[Site "Mollerusa"]
[Date "1997.??.??"]
[Round "4"]
[White "Pons Martos, Josep"]
[Black "Vallverdu Miret, Oscar"]
[Result "1-0"]
[WhiteElo "1860"]
[BlackElo "1845"]
[PlyCount "66"]
[EventDate "1997.??.??"]
[EventType "swiss"]
[EventRounds "8"]
[EventCountry "ESP"]
[SourceTitle "EXT 2003"]
[Source "ChessBase"]
[SourceDate "2002.11.25"]
[SourceVersion "1"]
[SourceVersionDate "2002.11.25"]
[SourceQuality "1"]

1. e4 c5 2. Nf3 a6 3. d4 cxd4 4. Nxd4 Nf6 5. Nc3 e5 6. Nf3 Bb4 7. Bc4 0-0 8. Bg5 Qb6 9. Bxf6 Qxf6 10. Qd3 Nc6 11. 0-0 Bxc3 12. Qxc3 d6 13. Bd5 Ne7 14. Rad1 Nxd5 15. Rxd5 Bg4 16. Rfd1 Rac8 17. Qd3 Bxf3 18. Rxd6 Bxe4 19. Qxe4 Qg5 20. g3 Rc7 21. c4 Qe7 22. b3 Rfc8 23. Qd5 g6 24. Re1 Re8 25. Re4 Kg7 26. a4 f6 27. c5 Qf7 28. Qxf7+ Kxf7 29. b4 Re6 30. Rxe6 Kxe6 31. Kf1 Kd7 32. Ke2 Ke6 33. Re3 Rd7 1-0

[Event "Mollerussa op-B"]
[Site "Mollerusa"]
[Date "1997.??.??"]
[Round "7"]
[White "Vallverdu Miret, Oscar"]
[Black "Escur Hereu, Joaquin"]
[Result "1-0"]
[WhiteElo "1845"]
[BlackElo "1850"]
[PlyCount "106"]
[EventDate "1997.??.??"]
[EventType "swiss"]
[EventRounds "8"]
[EventCountry "ESP"]
[SourceTitle "EXT 2003"]
[Source "ChessBase"]
[SourceDate "2002.11.25"]
[SourceVersion "1"]
[SourceVersionDate "2002.11.25"]
[SourceQuality "1"]

1. d4 d5 2. c4 c6 3. Nf3 Bg4 4. e3 Nf6 5. Nbd2 e6 6. h3 Bh5 7. Be2 Bb4 8. a3 Bxd2+ 9. Bxd2 Ne4 10. cxd5 cxd5 11. 0-0 0-0 12. Bb4 Re8 13. Bb5 Nc6 14. g4 Bg6 15. Ne5 Rc8 16. Rc1 Qb6 17. Qe2 Red8 18. Nxc6 bxc6 19. Bd3 Ng5 20. Kg2 Bxd3 21. Qxd3 Qc7 22. Qa6 Rd7 23. Rc2 Ne4 24. Rfc1 c5 25. Bxc5 Qb7 26. Qxa7 Qxa7 27. Bxa7 Rxc2 28. Rxc2 f5 29. Bc5 fxg4 30. hxg4 g5 31. b4 Kf7 32. b5 Ke8 33. b6 Kd8 34. a4 Kc8 35. a5 Kb7 36. f3 Nf6 37. Bb4 Ne8 38. Be1 Nd6 39. Bg3 Nc4 40. Rc3 Nxa5 41. Rc7+ Rxc7 42. Bxc7 Nc4 43. e4 dxe4 44. fxe4 Nxb6 45. Bxb6 Kxb6 46. Kf3 Kb5 47. d5 exd5 48. exd5 Kc5 49. Ke4 Kd6 50. Kd4 h5 51. gxh5 g4 52. Ke3 Kxd5 53. h6 g3 1-0

[Event "Mollerussa op-B"]
[Site "Mollerusa"]
[Date "1997.??.??"]
[Round "3"]
[White "Vallverdu Miret, Oscar"]
[Black "Serra Revuelta, Carlos"]
[Result "1/2-1/2"]
[WhiteElo "1845"]
[BlackElo "1810"]
[PlyCount "69"]
[EventDate "1997.??.??"]
[EventType "swiss"]
[EventRounds "8"]
[EventCountry "ESP"]
[SourceTitle "EXT 2003"]
[Source "ChessBase"]
[SourceDate "2002.11.25"]
[SourceVersion "1"]
[SourceVersionDate "2002.11.25"]
[SourceQuality "1"]

1. d4 d5 2. c4 Nf6 3. Nf3 dxc4 4. e3 Bf5 5. Bxc4 e6 6. 0-0 Bd6 7. Nc3 Ne4 8. Bd2 0-0 9. Qb3 Nxd2 10. Nxd2 Nd7 11. Be2 Rb8 12. Nc4 a6 13. Qd1 Qg5 14. Bf3 Nf6 15. e4 Bxh2+ 16. Kxh2 Qh4+ 17. Kg1 Bg4 18. e5 Bxf3 19. Qxf3 Ng4 20. Qh3 Qxh3 21. gxh3 Nh6 22. Rfd1 f6 23. exf6 Rxf6 24. Ne5 Rbf8 25. Nd7 Rg6+ 26. Kf1 Rf4 27. Nc5 Nf5 28. d5 Ne3+ 29. Ke2 Nxd1 30. Rxd1 exd5 31. Nxd5 Rf7 32. Ne3 Rd6 33. Nxb7 Rxd1 34. Nxd1 Rf5 35. b4 1/2-1/2